000 00504nam a2200181Ia 4500
003 OSt
005 20240424090645.0
008 210210b1952 xxu||||| |||| 00| 0 eng d
040 _cAL
041 _aKannada
082 _a853/568
100 _aSUNANDAMMA (T)
_dಸುನಂದಮ್ಮ (ಟಿ)
_9160582
245 _aAdarshada Adambara
_bಆದರ್ಶದ ಆಡಂಬರ
260 _aBengaluru
_bVijaya Sahitya Male
_c1952
690 _aKannada Drama
_9160585
906 _a019838
942 _2ddc
_cBK
999 _c143988
_d143988